9 Greek Logos Picture Quiz (V2) - Statistics

General Stats
  • This quiz has been taken 3 times
  • The average score is 5 of 9
Answer Stats
Picture Answer % Correct
Δίεση
100%
Ήπειρος
100%
Village
100%
Γεράνι
67%
Εργαστήρι Παυλίδης
33%
Ίνκα
33%
Κορπή
33%
Νικάς
33%
You.gr
33%
No matching quizzes found
Score Distribution
Percent of People with Each Score
Percentile by Number Answered
Your Score History
You have not taken this quiz